Statistics for Italian Footballers Overseas -- Which Countries?

Click here to take the quiz!

General Stats

  • This quiz has been taken 70 times
  • The average score is 11 of 20

Answer Stats

No. of PlayersCountry% Correct
19Spain
96%
8France
94%
18England
93%
959Germany
89%
12Portugal
89%
86United States of America
81%
669Switzerland
74%
35Austria
71%
8Croatia
61%
185San Marino
59%
7Canada
54%
7Slovenia
50%
9Romania
49%
21Malta
37%
7Albania
30%
14Liechtenstein
29%
9Wales
27%
36Luxembourg
24%
14Estonia
9%
10Gibraltar
7%

Score Distribution

Percentile by Number Answered

Percent of People with Each Score

Your Score History

You have not taken this quiz